000 00347nam a2200145Ia 4500
003 OSt
005 20240319101508.0
008 170523s9999 xx 000 0 und d
020 _a978-0199479368
040 _cIIMT UNIVERSITY
100 _aNagsarkar- T.K.
245 0 _aBasic Electrical Engineering
260 _aOxford Uni.P.
942 _2ddc
_c02
999 _c11567
_d11567